000 00292nam a2200109Ia 4500
008 201223s9999 xx 000 0 und d
100 _aMcLane, John R.
245 0 _aLand & local kingship in 18th ecntury bengal
260 _aCambridge
_bCambridge University Press
300 _a342
942 _cBK
999 _c8500
_d8500